The POSIX.1 standard : a programmer's guide

Saved in:
Bibliographic Details
Main Author: Zlotnick, Fred
Format: Book
Language:English
Published: Redwood city, Calif. : The Benjamin/Cummings pub. co., c1991
Subjects:
Tags: Add Tag
No Tags, Be the first to tag this record!

MARC

LEADER 00000nam a2200000 i 4500
001 1/2031
008 000420s1991 eng d
020 |a 0805396055 
035 |l 10060249 
040 |a GR-MY-UA  |b gre  |e aacr 
041 0 |a eng 
082 0 |a 005.43 
100 1 |a Zlotnick, Fred. 
245 1 4 |a The POSIX.1 standard :  |b a programmer's guide /  |c Fred Zlotnick 
246 3 3 |a POSIX point one standard 
260 |a Redwood city, Calif. :   |b The Benjamin/Cummings pub. co.,   |c c1991 
300 |a xx, 379 p.;  |b ill.;  |c 24 cm. 
504 |a Includes bibliographical references and index 
630 0 0 |a UNIX (Computer file) 
650 0 0 |a POSIX (Computer software standard) 
852 |a INST  |b SAMOS  |e 20000420  |h 005.43 ZLO  |p 005300015347  |q 005300015347  |t BK  |y 0 
901 |a BIBL3-2000-1 
909 |a Σ  |b 075118 
922 |a 3ΕΛΗ  |b 200003  |c ΤΠΕΣ/ΤΑΚΤ  |d ΠΑΠΑΣΩΤΗΡΙΟΥ 
970 |a ΓΕΝΟΥΖΟΥ  |b ΧΡΥΣΑΝΘΗ  |z 2000/04/20